<?xml version="1.0" encoding="UTF-8"?>
<collection xmlns="http://www.loc.gov/MARC21/slim">
    <record>
        <controlfield tag="001">98091</controlfield>
        <controlfield tag="005">20210118122903.0</controlfield>
        <datafield tag="037" ind1=" " ind2=" ">
            <subfield code="a">TAZ-TFG-2020-2425</subfield>
        </datafield>
        <datafield tag="041" ind1=" " ind2=" ">
            <subfield code="a">spa</subfield>
        </datafield>
        <datafield tag="100" ind1="1" ind2=" ">
            <subfield code="a">Rodríguez Pérez, Naiare</subfield>
        </datafield>
        <datafield tag="242" ind1="0" ind2="0">
            <subfield code="a">The extreme left terrorism seen by the conservative press: The case of ABC and the GRAPO in the Transition (1975-1981).</subfield>
        </datafield>
        <datafield tag="245" ind1="0" ind2="0">
            <subfield code="a">El terrorismo de extrema izquierda visto por la prensa conservadora: El caso de ABC y los GRAPO en la Transición (1975-1981).</subfield>
        </datafield>
        <datafield tag="260" ind1=" " ind2=" ">
            <subfield code="a">Zaragoza</subfield>
            <subfield code="b">Universidad de Zaragoza</subfield>
            <subfield code="c">2020</subfield>
        </datafield>
        <datafield tag="500" ind1=" " ind2=" ">
            <subfield code="a">Violence and terror were very present in the stage of the Spanish transition to democracy and, although there were various terrorist groups at this time, only the attacks committed by ETA have deserved profuse attention. Therefore, the objective of this work is to analyze the jornalistic coverage of the opinion of the conservative newspaper ABC regarding six actions perpetrated between 1975 and 1981 by the Anti-Fascist Resistance Groups First of October (GRAPO), a far-left terrorist group related to the Communist Party of Spain Reconstituted (PCE-r) and it embraced a Maoist approach to Marxism-Leninism. Through a qualitative analysis of the editorials and opinion articles of ABC, it is concluded that the newspaper, which insisted on seeking public order in the face of violence and on not expanding the amnesty for blood crimes, contemplated the terrorism of the GRAPO and he took advantage of it is existence to politically attack Carrillo’s PCE moments before it is legalization tried to avoid it.</subfield>
        </datafield>
        <datafield tag="506" ind1=" " ind2=" ">
            <subfield code="a">by-nc-sa</subfield>
            <subfield code="b">Creative Commons</subfield>
            <subfield code="c">3.0</subfield>
            <subfield code="u">http://creativecommons.org/licenses/by-nc-sa/3.0/</subfield>
        </datafield>
        <datafield tag="520" ind1=" " ind2=" ">
            <subfield code="a">La violencia y el terror estuvieron muy presentes en el escenario de la transición española hacia la democracia y, aunque hubo diversos grupos terroristas en esta época, solo los atentados cometidos por ETA han merecido una atención profusa. Por ello, el presente trabajo tiene como objetivo analizar la cobertura periodística de opinión del diario conservador ABC respecto a seis acciones perpetradas entre 1975 y 1981 por los Grupos de Resistencia Antifascista Primero de Octubre (GRAPO), un grupo terrorista de extrema izquierda relacionado con el Partido Comunista de España Reconstituido (PCE-r) y que abrazaba un enfoque maoísta del marxismo-leninismo. A través de un análisis cualitativo de los editoriales y artículos de opinión de ABC, se concluye que el periódico, que insistió en buscar el orden público ante la violencia y en no ampliar la amnistía para delitos de sangre, contempló el terrorismo de los GRAPO y aprovechó su existencia para atacar políticamente al PCE de Carrillo momentos antes de su legalización para intentar evitarla.&lt;br />&lt;br /></subfield>
        </datafield>
        <datafield tag="521" ind1=" " ind2=" ">
            <subfield code="a">Graduado en Periodismo</subfield>
        </datafield>
        <datafield tag="540" ind1=" " ind2=" ">
            <subfield code="a">Derechos regulados por licencia Creative Commons</subfield>
        </datafield>
        <datafield tag="700" ind1=" " ind2=" ">
            <subfield code="a">Zugasti Azagra, Ricardo</subfield>
            <subfield code="e">dir.</subfield>
        </datafield>
        <datafield tag="710" ind1="2" ind2=" ">
            <subfield code="a">Universidad de Zaragoza</subfield>
            <subfield code="b"> </subfield>
            <subfield code="c"></subfield>
        </datafield>
        <datafield tag="856" ind1="0" ind2=" ">
            <subfield code="f">738762@unizar.es</subfield>
        </datafield>
        <datafield tag="856" ind1="4" ind2=" ">
            <subfield code="s">654775</subfield>
            <subfield code="u">http://zaguan.unizar.es/record/98091/files/TAZ-TFG-2020-2425.pdf</subfield>
            <subfield code="y">Memoria (spa)</subfield>
        </datafield>
        <datafield tag="909" ind1="C" ind2="O">
            <subfield code="o">oai:zaguan.unizar.es:98091</subfield>
            <subfield code="p">driver</subfield>
            <subfield code="p">trabajos-fin-grado</subfield>
        </datafield>
        <datafield tag="950" ind1=" " ind2=" ">
            <subfield code="a"></subfield>
        </datafield>
        <datafield tag="951" ind1=" " ind2=" ">
            <subfield code="a">deposita:2021-01-18</subfield>
        </datafield>
        <datafield tag="980" ind1=" " ind2=" ">
            <subfield code="a">TAZ</subfield>
            <subfield code="b">TFG</subfield>
            <subfield code="c">FFYL</subfield>
        </datafield>
        <datafield tag="999" ind1=" " ind2=" ">
            <subfield code="a">20200628130052.CREATION_DATE</subfield>
        </datafield>
    </record>

    
</collection>